[Event "SVR op"]
[Site "Lahnstein"]
[Date "2019.04.13"]
[Round "2"]
[White "Pishanidar, Borzou"]
[Black "Hoefer, Helmut"]
[Result "1-0"]
[WhiteElo "1742"]
[BlackElo "1521"]
[PlyCount "59"]
[EventDate "2019.04.13"]
[EventType "swiss"]
[EventRounds "7"]
[EventCountry "GER"]
[SourceTitle "EXT 2021"]
[Source "ChessBase"]
[SourceDate "2020.10.23"]
[SourceVersion "1"]
[SourceVersionDate "2020.10.23"]
[SourceQuality "1"]

1. d4 Nf6 2. c4 c5 3. d5 b5 4. b3 d6 5. Bb2 Nbd7 6. Nd2 b4 7. f4 g6 8. Ngf3 Bg7 9. e4 0-0 10. Bd3 Nh5 11. Bxg7 Kxg7 12. g3 Kg8 13. 0-0 Ng7 14. f5 Nf6 15. Qc2 Ng4 16. Rae1 e5 17. h3 Nf6 18. g4 Bd7 19. Rf2 h6 20. Nf1 g5 21. Ne3 Nh7 22. Rh2 f6 23. h4 Kf7 24. hxg5 Nxg5 25. Kf2 Nxf3 26. Kxf3 h5 27. gxh5 Rh8 28. h6 Ne8 29. Rg1 Rh7 30. Qg2 1-0

[Event "Rheinland Pfalz op 10th"]
[Site "Nickenich"]
[Date "2018.06.01"]
[Round "3"]
[White "Buese, Ralf"]
[Black "Hoefer, Helmut"]
[Result "1-0"]
[WhiteElo "1923"]
[BlackElo "1624"]
[PlyCount "65"]
[EventDate "2018.05.31"]
[EventType "swiss"]
[EventRounds "7"]
[EventCountry "GER"]
[SourceTitle "EXT 2019"]
[Source "ChessBase"]
[SourceDate "2018.10.10"]
[SourceVersion "1"]
[SourceVersionDate "2018.10.10"]
[SourceQuality "1"]

1. d4 Nf6 2. Bf4 e6 3. e3 d5 4. Bd3 Be7 5. Nf3 0-0 6. Nbd2 Nbd7 7. c3 c5 8. h3 c4 9. Bc2 b6 10. 0-0 Bb7 11. b3 b5 12. a4 a6 13. Qb1 Qb6 14. bxc4 dxc4 15. e4 Rfd8 16. Nxc4 Qc5 17. Na5 Qb6 18. Nxb7 Qxb7 19. c4 Nh5 20. Bh2 b4 21. a5 g6 22. e5 Qc7 23. Bb3 Nb8 24. d5 Bc5 25. Qe4 Ng7 26. g4 Nd7 27. d6 Qc8 28. Qf4 Rf8 29. Qh6 Re8 30. Ng5 Nf8 31. Ne4 Rd8 32. Bg3 Ne8 33. Nf6+ 1-0

[Event "SVR-op"]
[Site "Heimbach Weis"]
[Date "2017.04.14"]
[Round "6"]
[White "Hoefer, Helmut"]
[Black "Mehlem, Sabine"]
[Result "1/2-1/2"]
[WhiteElo "1444"]
[BlackElo "1588"]
[PlyCount "116"]
[EventDate "2017.04.08"]
[EventType "swiss"]
[EventRounds "7"]
[EventCountry "GER"]
[SourceTitle "EXT 2020"]
[Source "ChessBase"]
[SourceDate "2019.10.17"]
[SourceVersion "1"]
[SourceVersionDate "2019.10.17"]
[SourceQuality "1"]

1. b4 c6 2. Bb2 a5 3. a3 axb4 4. axb4 Rxa1 5. Bxa1 Nf6 6. c4 d6 7. e3 g6 8. Nf3 Bg7 9. d4 0-0 10. Be2 Nbd7 11. 0-0 Re8 12. Nbd2 Qc7 13. Qb3 e5 14. dxe5 Nxe5 15. Bc3 Re7 16. Ra1 h6 17. Ra8 Kh7 18. Qa3 Bg4 19. Qa5 Qd7 20. Qd8 Bxf3 21. Nxf3 Nxf3+ 22. Bxf3 Qe8 23. Bxf6 Qxd8 24. Rxd8 Bxf6 25. Rxd6 Bc3 26. b5 cxb5 27. cxb5 Ba5 28. Bd5 b6 29. Kf1 Kg7 30. Ke2 Rc7 31. Bc6 Re7 32. Kd3 Bb4 33. Rd7 Rxd7+ 34. Bxd7 Bc5 35. f3 g5 36. Bf5 Kf6 37. g4 Ke7 38. Ke4 Bd6 39. h3 Kf6 40. Kd5 Bc5 41. e4 Ke7 42. Bc8 Kf6 43. e5+ Kg6 44. Bf5+ Kg7 45. Ke4 Bb4 46. f4 gxf4 47. Kxf4 Bd2+ 48. Ke4 Be1 49. Kd5 Bc3 50. h4 Bd2 51. Kc6 Be3 52. Kc7 Bf2 53. g5 hxg5 54. hxg5 Kf8 55. g6 fxg6 56. Bxg6 Ke7 57. Bf5 Bc5 58. Bd7 Be3 1/2-1/2

[Event "SVR-op"]
[Site "Heimbach Weis"]
[Date "2017.04.13"]
[Round "4"]
[White "Busley, Tim"]
[Black "Hoefer, Helmut"]
[Result "0-1"]
[WhiteElo "1129"]
[BlackElo "1444"]
[PlyCount "48"]
[EventDate "2017.04.08"]
[EventType "swiss"]
[EventRounds "7"]
[EventCountry "GER"]
[SourceTitle "EXT 2020"]
[Source "ChessBase"]
[SourceDate "2019.10.17"]
[SourceVersion "1"]
[SourceVersionDate "2019.10.17"]
[SourceQuality "1"]

1. d4 Nf6 2. c4 d6 3. Nc3 a6 4. Nf3 Nbd7 5. e4 h6 6. Be3 e6 7. h3 Be7 8. e5 dxe5 9. dxe5 Nh7 10. Qc2 0-0 11. h4 b6 12. Bd3 f5 13. g4 Bb7 14. Nd4 Nxe5 15. Rh3 Nxd3+ 16. Qxd3 c5 17. Nd5 cxd4 18. Nxe7+ Qxe7 19. Bxd4 fxg4 20. Rh2 Rf3 21. Qg6 Nf6 22. Bxf6 Qxf6 23. Qxg4 Rf8 24. Qg1 Qxb2 0-1

[Event "SVR op"]
[Site "Nickenich"]
[Date "2015.03.28"]
[Round "1"]
[White "Kottemer, Juergen"]
[Black "Hoefer, Helmut"]
[Result "1-0"]
[WhiteElo "1882"]
[BlackElo "1412"]
[PlyCount "41"]
[EventDate "2015.03.28"]
[EventType "swiss"]
[EventRounds "7"]
[EventCountry "GER"]
[SourceTitle "EXT 2016"]
[Source "ChessBase"]
[SourceDate "2015.10.08"]
[SourceVersion "1"]
[SourceVersionDate "2015.10.08"]
[SourceQuality "1"]

1. d4 Nf6 2. c4 c5 3. Nf3 d6 4. Nc3 cxd4 5. Nxd4 Nc6 6. e4 Nxd4 7. Qxd4 e5 8. Qd3 Be7 9. Be2 0-0 10. 0-0 Bg4 11. Bxg4 Nxg4 12. Qg3 Nxh2 13. Kxh2 g6 14. Bh6 Re8 15. Nd5 Rc8 16. b3 Bf6 17. Kg1 Bg7 18. Bxg7 Kxg7 19. Rad1 Re6 20. Rd3 Qf8 21. Rfd1 1-0

[Event "SVR-op"]
[Site "Heimbach Weis"]
[Date "2014.04.19"]
[Round "7"]
[White "Teper, Esra"]
[Black "Hoefer, Helmut"]
[Result "1/2-1/2"]
[WhiteElo "790"]
[BlackElo "1473"]
[PlyCount "76"]
[EventDate "2014.04.11"]
[EventType "swiss"]
[EventRounds "7"]
[EventCountry "GER"]
[SourceTitle "CBM 160 Extra"]
[Source "ChessBase"]
[SourceDate "2014.07.01"]
[SourceVersion "1"]
[SourceVersionDate "2014.07.01"]
[SourceQuality "1"]

1. Nf3 Nf6 2. d3 d5 3. g3 e6 4. Bg2 Be7 5. 0-0 0-0 6. c4 dxc4 7. dxc4 Qxd1 8. Rxd1 Rd8 9. Rxd8+ Bxd8 10. Bf4 Nbd7 11. Nc3 a6 12. Rd1 c6 13. Ne5 Kf8 14. Nxd7+ Bxd7 15. Ne4 Nxe4 16. Bxe4 Ke8 17. Bd6 f5 18. Bc2 Be7 19. e4 Bxd6 20. Rxd6 Ke7 21. Rd4 c5 22. Rd1 b5 23. cxb5 axb5 24. a3 g6 25. exf5 gxf5 26. f3 Ra6 27. g4 Rd6 28. g5 Rxd1+ 29. Bxd1 f4 30. h4 e5 31. h5 Bf5 32. Be2 b4 33. a4 Bc2 34. a5 Kd6 35. a6 Kc6 36. Kf2 Kb6 37. Kg2 Bf5 38. h6 Ka7 1/2-1/2

[Event "SVR-op"]
[Site "Heimbach Weis"]
[Date "2014.04.18"]
[Round "6"]
[White "Hoefer, Helmut"]
[Black "Teper, Engin"]
[Result "0-1"]
[WhiteElo "1473"]
[BlackElo "1465"]
[PlyCount "102"]
[EventDate "2014.04.11"]
[EventType "swiss"]
[EventRounds "7"]
[EventCountry "GER"]
[SourceTitle "CBM 160 Extra"]
[Source "ChessBase"]
[SourceDate "2014.07.01"]
[SourceVersion "1"]
[SourceVersionDate "2014.07.01"]
[SourceQuality "1"]

1. b4 f5 2. Bb2 Nf6 3. e3 e6 4. b5 Be7 5. Nf3 0-0 6. Be2 b6 7. 0-0 Bb7 8. c4 d6 9. d4 Ne4 10. Nc3 Nd7 11. a4 Ndf6 12. Qc2 Ng4 13. h3 Ngxf2 14. Rxf2 Nxf2 15. Kxf2 Bh4+ 16. Kg1 Qf6 17. Qd1 Bg5 18. Nxg5 Qxg5 19. d5 Qxe3+ 20. Kh1 e5 21. Kh2 Bc8 22. Qd3 Qxd3 23. Bxd3 f4 24. Be4 Bf5 25. Bf3 h6 26. Ne4 g5 27. Re1 Kf7 28. Nf2 Kg6 29. Be4 Bxe4 30. Rxe4 Rf7 31. Nd3 Re8 32. Kg1 h5 33. Bc3 Kf5 34. Nf2 Rfe7 35. Bd2 g4 36. hxg4+ hxg4 37. Re1 Rh7 38. Nd3 Reh8 39. Kf2 Rh1 40. a5 Rxe1 41. Bxe1 Ke4 42. Nb2 g3+ 43. Kg1 Ke3 44. Na4 Kd3 45. axb6 axb6 46. c5 dxc5 47. d6 cxd6 48. Nxb6 Rb8 49. Ba5 c4 50. Kf1 c3 51. Na4 Rxb5 0-1

[Event "SVR-op"]
[Site "Heimbach Weis"]
[Date "2014.04.12"]
[Round "1"]
[White "Kutzner, Stephen"]
[Black "Hoefer, Helmut"]
[Result "1-0"]
[WhiteElo "2004"]
[BlackElo "1473"]
[PlyCount "47"]
[EventDate "2014.04.11"]
[EventType "swiss"]
[EventRounds "7"]
[EventCountry "GER"]
[SourceTitle "CBM 160 Extra"]
[Source "ChessBase"]
[SourceDate "2014.07.01"]
[SourceVersion "1"]
[SourceVersionDate "2014.07.01"]
[SourceQuality "1"]

1. e4 c5 2. Nf3 d6 3. d4 cxd4 4. Nxd4 Nf6 5. Nc3 Nc6 6. Bg5 e6 7. Qd2 Be7 8. 0-0-0 0-0 9. f4 h6 10. Bxf6 Bxf6 11. Nb3 Be7 12. Kb1 a6 13. g4 b5 14. h4 Bxh4 15. Qh2 Be7 16. g5 Bxg5 17. fxg5 Qxg5 18. Be2 b4 19. Rdg1 Qf6 20. e5 dxe5 21. Ne4 Qf4 22. Rxg7+ Kxg7 23. Qg2+ Kh8 24. Rg1 1-0

[Event "SVR-op 35th"]
[Site "Nickenich"]
[Date "2012.03.31"]
[Round "1"]
[White "Hoefer, Helmut"]
[Black "Gruschinski, Rainer"]
[Result "0-1"]
[WhiteElo "1489"]
[BlackElo "1995"]
[PlyCount "48"]
[EventDate "2012.03.30"]
[EventType "swiss"]
[EventRounds "7"]
[EventCountry "GER"]
[SourceTitle "EXT 2013"]
[Source "ChessBase"]
[SourceDate "2012.11.22"]
[SourceVersion "1"]
[SourceVersionDate "2012.11.22"]
[SourceQuality "1"]

1. b4 Nf6 2. Bb2 e5 3. b5 Bc5 4. e3 d6 5. d3 0-0 6. Nf3 c6 7. a4 a6 8. c4 Re8 9. Nbd2 Bd7 10. Qb3 axb5 11. axb5 Rxa1+ 12. Bxa1 cxb5 13. cxb5 Qa5 14. Bc3 Qxb5 15. d4 Qxb3 16. Nxb3 exd4 17. Bxd4 Bb4+ 18. Nbd2 Ne4 19. Bd3 Nc6 20. Bxe4 Rxe4 21. Ke2 Re8 22. Bb2 Ne5 23. Ra1 Bb5+ 24. Kd1 Nd3 0-1